000 01560nam a2200361 a 4500
999 _c162567
_d162567
003 BLK
005 20240604005403.0
008 180410b bul|||||r ||||||| ||bul||
010 _aKNG00169946000
040 _aBLK
041 _aBUL
_cBUL
080 _aБългарска литература
_b821.163.2
_x(081.1)
_z821.163.2(081.1)
080 _aБългарска литература
_b821.163.2
_x-32
_z821.163.2-32
100 _aЕлин Пелин
_qСтоянов, Димитър Иванов
_9363511
139 _aЕлин Пелин
_bЕ 53
245 1 0 _aСъчинения
_bВ 6 т. За том: 1901-1906
_cЕлин Пелин; състав. и ред. на том Тодор Боров; * Димитър Иванов Стоянов.
_nТ. 1
_pРазкази
257 _aBGR
260 _bБълг. писател
_c1972 -
_aСофия
300 _c21 см
380 _aX
500 _aЕлин Пелин - псевд. на Димитър Иванов Стоянов. - 70 100 тир.
653 _aразкази
700 1 _aБоров, Тодор
_qТодоров, Тодор Цветанов
_9367585
700 1 _aСтоянов, Димитър Иванов
_e*
_9365019
760 1 _aЕлин Пелин
_d1972
_h288 с. : с портр., факс., 1 л. портр.
_tТ. 1 Разкази
852 _aЦб 63801
_bЦб
856 4 _qpdf
856 4 _qpdf
942 _cKNG
_n0
_06
_s1
944 _aCR
_c22.01.2015
_lCRON CRON
_k
944 _aED
_c14.09.2017
_lф /
_kНаталия_Любомирова
999 _d162567